| 000 | 00732nam a2200253 a 4500 | ||
|---|---|---|---|
| 001 | 14430 | ||
| 003 | BD-RjUL | ||
| 005 | 20211208235628.0 | ||
| 008 | 170524r19971971ii a|||| |||| 001 0 eng d | ||
| 020 | _a8120407989 | ||
| 035 | _a(BD-RjUL)14482 | ||
| 040 |
_aBD-RjUL _beng _cBD-RjUL _dBD-RjUL |
||
| 041 | _aeng | ||
| 082 | 0 | 4 |
_223 _a632.952 _bNEF 1997 |
| 100 | 1 |
_aNene, Y. L. _945008 |
|
| 245 | 1 | 0 |
_aFungicides in plant disease control / _cY. L. Nene and P. N. Thapliyal. |
| 250 | _a3rd ed. | ||
| 260 |
_aNew Delhi : _bOxford & IBH pub, _cc1971 [Reprint 1997] |
||
| 300 |
_aix, 691 p. : _bill. ; _c25 cm. |
||
| 500 | _aIncludes index. | ||
| 650 | 7 |
_aFungicides. _943570 |
|
| 700 | 1 |
_aThapliyal, N. P. , _945009 |
|
| 942 |
_2ddc _cBK |
||
| 999 |
_c14430 _d14430 |
||